000 00283nam a22001337a 4500
008 170623b xxu||||| |||| 00| 0 eng d
020 _a9780742536838
041 _aeng
080 _a32
100 _a21
101 _aSHP
245 _aRIVALS POWER
_cTHURBER.J.A
942 _2udc
_cBK
999 _c18892
_d18892